00617nam a2200229 a 4500001001300000003000900013005001700022008004100039020001000080082001600090245001500106260002800121300000800149500003500157505001000192650002300202710001500225902000800240942000700248952011700255999001500372nice12345678IN_TiNIC20260116012541.0050524s1957 egya grp 000 0 ara  ac10000a492.78bNIL aAl-Murshid aEgyptbNile Pressc1957 a51p aincludes index and biblioraphy2 aIndex aArabic-Course Book2 aNile Press bSRS cBK 001040708StackRoom-aHMIbHMId2008-06-26g100.00l0o492.78 NILp013419r2008-06-26v100.00w2005-05-24yBK c7430d7430